| 000 | 00625nam a2200169Ia 4500 | ||
|---|---|---|---|
| 003 | GCL | ||
| 008 | 140319s9999 xx 000 0 ara d | ||
| 040 |
_aGCL / _cGCL |
||
| 082 | 0 | 4 |
_a291.042 _bج ا |
| 100 | 1 | _aجرجس دواد دواد | |
| 245 | 1 | 0 |
_aاديان العرب فبل الاسلام ووجهها الحضارى والاجتماعى / _cجرجس دواد دواد |
| 260 |
_a[S.N] : _bالمؤسسة الجامعية للدراسات والنشر والتوزيع ، _c1988 |
||
| 300 | _a392 ص | ||
| 490 |
_aالسلسلة الادبية _v0 |
||
| 650 | 0 | 4 | _aالديانات القديمة |
| 942 |
_2ddc _cBK |
||
| 999 |
_c52655 _d52655 |
||